Invisible entrepreneurs /
Сохранить в:
| Главный автор: | |
|---|---|
| Формат: | Текст |
| Метки: |
Добавить метку
Нет меток, Требуется 1-ая метка записи!
|
MARC
| LEADER | 00000 a a2200000 04500 | ||
|---|---|---|---|
| 001 | 48436 | ||
| 003 | |||
| 040 | |||
| 100 | |a Tinker, Irene | ||
| 245 | |a Invisible entrepreneurs / |c Irene Tinker | ||
| 500 | |a Incluye los temas: "Women market traders", "Informal sector", "Donor Agencies and Microenterprise", conclusion. | ||
| 773 | |g volumen 35, número 3, (1987), páginas 18-50 | ||
| 999 | |c 33499 |d 33499 | ||
